Pénzügyi szemle

Enregistré dans:
Détails bibliographiques
Format: Publication en série
Langue:hongrois
Publié: Budapest Hírlapkiadó Vállalat 1991
Sujets:
Tags: Ajouter un tag
Pas de tags, Soyez le premier à ajouter un tag!

MARC

LEADER 00000nas2a2200000 4500
001 s015284
005 20240109093911.0
022 |a 0031-496X 
041 0 |a hun 
044 |a HU 
245 1 0 |a Pénzügyi szemle 
264 1 |a Budapest  |b Hírlapkiadó Vállalat  |c 1991 
300 |a 2 zv. 
773 0 |w eu_un_cat*s121002 
610 2 0 |a peňažníctvo 
610 2 0 |a peniaze 
610 2 0 |a politika peňažná